| 000 | 00000nam 2200000zi 4500 |
| 001 | 9.931428 |
| 003 | CaOODSP |
| 005 | 20260417102954 |
| 006 | m o d f |
| 007 | cr cn||||||||| |
| 008 | 231213t20232023qucdab ob f000 0 eng d |
| 020 | |a9780660693019 |
| 040 | |aCaOODSP|beng|erda|cCaOODSP |
| 043 | |an-cn-on |
| 086 | 1 |aTU3-11/19-0107E-PDF |
| 110 | 2 |aTransportation Safety Board of Canada.|eauthor, |eissuing body. |
| 245 | 10|aMain-track train derailment, Canadian National Railway Company, freight train M38331-27, mile 60.55, Strathroy subdivision, Sarnia (Ontario), 28 June 2019. |
| 264 | 1|aGatineau, QC : |bTransportation Safety Board of Canada = Bureau de la sécurité des transports du Canada, |c2023. |
| 264 | 4|c©2023 |
| 300 | |a1 online resource (99 pages) : |bcharts, illustrations, maps. |
| 336 | |atext|btxt|2rdacontent |
| 337 | |acomputer|bc|2rdamedia |
| 338 | |aonline resource|bcr|2rdacarrier |
| 490 | 1 |aRailway transportation safety investigation report ; |vR19T0107 |
| 500 | |aCover title. |
| 500 | |a"Released 18 December 2023." |
| 500 | |aIssued also in French under title: Déraillement de train en voie principale, Compagnie des chemins de fer nationaux du Canada, train de marchandises M38331-27, point milliaire 60,55, subdivision de Strathroy, Sarnia (Ontario), 28 juin 2019. |
| 504 | |aIncludes bibliographical references. |
| 650 | 0|aRailroad accidents|xInvestigation|zOntario. |
| 775 | 08|tDéraillement de train en voie principale, Compagnie des chemins de fer nationaux du Canada, train de marchandises M38331-27, point milliaire 60,55, subdivision de Strathroy, Sarnia (Ontario), 28 juin 2019.|w(CaOODSP)9.931430 |
| 830 | #0|aRail transportation safety investigation report ;|vR19T0107.|w(CaOODSP)9.849724 |
| 856 | 40|qPDF|s4.86 MB|uhttps://publications.gc.ca/collections/collection_2024/bst-tsb/TU3-11-19-0107-eng.pdf |
| 856 | 4 |qHTML|sN/A|uhttps://www.bst-tsb.gc.ca/eng/rapports-reports/rail/2019/r19t0107/r19t0107.html |